000 00606nam a22001937a 4500
005 20140623114801.0
010 _aENG-110148
020 _a9788184301199
_c400.00
035 _aEN-93680
037 _bDBAD/PUB
082 _a355.10954
100 _aSurender Singh
245 _aTerritorial army :
_cby Surender Singh
_bhistory of India's part-time soldiers /
260 _aNew Delhi
_bOcean Books
_c2013
270 _a4/19 Asaf Ali Road
_bNew Delhi
_e110002
300 _a246p.
_c22cm(Hb)
500 _aIncludes bibliographical references and index
942 _2ddc
_cEN
_mSUR
_h355.10954
999 _c84869
_d84869